000 00907nam a2200325Ia 4500
003 OSt
005 20220912144504.0
006 a|||||r|||| 00| 0
007 ta
008 220909b |||||||| |||| 00| 0 eng d
020 _a9789380250380
020 _aSL01558642
024 _a186256
037 _b5170, 25/07/2012, New India Book Agency
037 _cTextual
040 _aCSL
_beng
_cCSL
041 _aeng
082 _aB.2, P9
100 _aPlofker Kim
245 0 _aMathematics in India
260 _aNew Delhi
_b HBA
_c2009
300 _axii,357p.
500 _aAppendices 299-326p.; Bibliography 327-352p.; Index 353-357p.
650 _a Mathematical thought
650 _a Mathematical universe
650 _aMathematics
700 _aPlofker Kim
942 _hB.2, P9
_cTEXL
_2CC
999 _c9877
_d9877